| 000 | 01155cam a22003377a 4500 | ||
|---|---|---|---|
| 003 | CHAP | ||
| 005 | 20220329133055.0 | ||
| 008 | 971013s1991 r 00010 d | ||
| 010 | _a1859 | ||
| 011 | _a2831 | ||
| 035 | _a2031 | ||
| 040 | _cCHAP | ||
| 090 | _aTesis | ||
| 100 | 0 | 0 |
_aSalcido Ramos, Blanca Alicia. _9101508 |
| 245 | 1 | 3 | _aEl trabajo extradoméstico de la mujer campesina en dos comunidades del estado de Puebla |
| 260 |
_aMontecillo, Méx. : _bEl Autor, _c1991 |
||
| 300 |
_a136 h. _b: ilus. ; gráfs. |
||
| 500 | _aD43-137 | ||
| 502 | _aTesis (M.C. Esp. en Desarrollo Rural) -- C.P. Centro de Desarrollo Rural | ||
| 590 |
_aALEPH _b10 _c20130110 _lUCH01 _h1210 |
||
| 590 |
_aBATCH-UPD _b10 _c20130110 _lUCH01 _h1733 |
||
| 590 |
_aCONVERSION _b10 _c20130109 _lUCH01 _h1302 |
||
| 650 | 1 | 4 |
_aDesarrollo de la comunidad rural _zPuebla. _932044 |
| 650 | 1 | 4 |
_aMujer en comunidades rurales _xPuebla. _979382 |
| 650 | 1 | 4 |
_aPuebla _xCondiciones rurales. _992871 |
| 650 | 1 | 4 |
_aTrabajo de la mujer. _9114490 |
| 901 | _aBK | ||
| 942 | _cFOLL | ||
| 949 |
_bBC _cTES _d-11526 _eTS1 _h23776 _i2031 _si |
||
| 949 |
_bBC _cTES _d-70388 _eTS2 _fc.2 _h23777 _i2031 _si |
||
| 999 |
_c1859 _d1859 |
||